00623nam a22001817a 450000500170000001000150001702000320003203500140006403700130007808200150009110000200010624500860012625000080021226000700022027001150029030000220040570000140042720240301154400.0 aENG-139300 c360.00/-a978-93-544-9870-1 aEN-122832 bDBAD/PUB a303.440954 akUMAR M.SENTHIL aIndian Society /cM. Senthil kumarbFor UPSC and state civil services examination a3rd aUttar pradesh bPearson India Education Services PVT. Ltd.c2022 aHead Office : 15th floor , Tower-B world trade tower , plot no.1 , block -c , sector 16, NOIDAbUttar Pradesh a1036p.c23cm(pbk) aS. Rijesh